الحرب العالمية الثانية : (Record no. 29541)

MARC details
000 -الفاتح
حقل البيانات ثابتة الطول 00985nam a22002657a 4500
003 - محدد رقم الضبط
رقم الضبط EG-ScBUE
005 - وقت وتاريخ اخر تعامل مع التسجيلة
رقم الضبط 20211003115746.0
008 - عناصر البيانات ثابتة الطول - معلومات عامة
حقل البيانات ثابتة الطول 210929s2008 ua o f 000 0 ara d
017 ## - رقم الإيداع القانونى
رقم الإيداع القانونى 2008/16159
020 ## - الرقم الدولى المعيارى للكتب
الرقم الدولى المعيارى للكتاب 9775309509
040 ## - مصدر الفهرسة
وكالة الفهرسة الأصلية EG-ScBUE
لغة الفهرسة ara
قواعد الوصف rda
وكالة النسخ EG-ScBUE
وكالة التعديل EG-ScBUE
082 04 - رقم تصنيف ديوى العشرى
رقم التصنيف 940.53
رقم المادة ف ت ا
رقم الطبعة 22
100 1# - المدخل الرئيسى - إسم شخصى
الإسم الشخصى عبد الفتاح، عصام،
الدور مؤلف.
9 (RLIN) 28006
245 12 - بيان العنوان
العنوان الحرب العالمية الثانية :
بقية العنوان السلاح في خدمة السياسة /
بيان المسئوليه,etc عصام عبد الفتاح.
264 #1 - النشر، التوزيع
مكان الناشر او الموزع القاهرة :
اسم الناشر او الموزع كنوز للنشر والتوزيع،
تاريخ النشر أو التوزيع [2008]
300 ## - الوصف المادى
التعداد 175 صفحة :
تفاصيل ماديه اخرى للوعاء صور ؛
أبعاد الوعاء 22 سم
336 ## - نوع المحتوى
source rdacontent
Carrier Type Term نص
Content Type Code txt
337 ## - نوع الوسيط
source rdamedia
Media Type Term بدون وسيط
Media Type Code n
338 ## - نوع الحامل أو الناقل
source rdacarrier
Carrier Type Term مجلد
Carrier Type Code nc
541 ## - تبصرة المصدر المباشر للتزويد
طريقة التزويد Donation.
650 ## - المدخل الاضافى بالموضوع-مصطلح موضوعى
مصطلح موضوعي أو اسم جغرافي كعنصر مدخل ‪الحرب العالمية الثانية، 1939-1945 م.
مصدر الرأس أو المصطلح BUEsh
653 #7 - مصطلح تكشيفى غير مقيد
مصطلح غير مقيد BUEsh
Resource For college BAEPS, Political Science
Arrived date list September2021
655 #7 - مصطلح تكشيفى-نوع/شكل
مصدر المصطلح BUEsh
التقسيم الفرعي الشكلي Reading book
-- 34232
942 ## - عناصر المدخل الإضافي( كوها)
مصدر التصنيف او مخطط الترفيف Dewey Decimal Classification
Holdings
حالة التراجع حالة الفقد مصدر التصنيف او خطة الترفيف حالة تلف ليس للاعارة مجموعات كوها المكان الدائم المكان الحالي موقع الترفيف تاريخ الاكتساب Source of acquisition رقم الاستدعاء الباركود Date last seen نوع الوعاء
    Dewey Decimal Classification     Donation-Gift Central Library Central Library Second Floor 29/09/2021 Donation 940.53 ف ت ا 000050780 15/07/2025 Book - Borrowing